| 000 | 00544nam a2200145 4500 | ||
|---|---|---|---|
| 999 |
_c13320 _d13320 |
||
| 008 | 190228b ||||| |||| 00| 0 eng d | ||
| 022 | _a0746-8342 | ||
| 082 | _aDPer 510.5 C697 Jan 2012-Sept 2015 v. 43 & 46, n. 1-4 | ||
| 100 |
_aBoualem, Hassan. _937232 |
||
| 245 |
_aTo be (a circle) or not to be?/ _cHassan Boualem and Robert Brouzet. |
||
| 260 |
_aWashington D. C.: _bMathematical Association of America, _c©Jul 2012-Sept 2015. |
||
| 300 |
_av43 n3, pages 197-206: _bIllustrations; _c25 cm. |
||
| 650 |
_aGeometry. _937233 |
||
| 942 |
_2ddc _cPER |
||